Mobility and transportation in the elderly (Record no. 24777)
[ view plain ]
| 000 -LEADER | |
|---|---|
| fixed length control field | 01358nam a2200349Ia 4500 |
| 082 04 - DEWEY DECIMAL CLASSIFICATION NUMBER | |
| Classification number | 305.26 |
| 245 00 - TITLE STATEMENT | |
| Title | Mobility and transportation in the elderly |
| 260 ## - PUBLICATION, DISTRIBUTION, ETC. (IMPRINT) | |
| Place of publication | New York : |
| Name of publisher | Springer Pub., |
| Year of publication | c2000. |
| 300 ## - PHYSICAL DESCRIPTION | |
| Number of Pages | xii, 347 p. : |
| Other physical details | ill. |
| 490 1# - SERIES STATEMENT | |
| Series statement | Societal impact on aging series |
| 650 #0 - SUBJECT ADDED ENTRY--TOPICAL TERM | |
| Topical Term | Older people |
| Topical Term | Older automobile drivers. |
| Topical Term | Traffic accidents. |
| 700 1# - ADDED ENTRY--PERSONAL NAME | |
| Personal name | Schaie, K. Warner |
| Personal name | Pietrucha, Martin. |
| 856 40 - ELECTRONIC LOCATION AND ACCESS | |
| Uniform Resource Identifier | http://site.ebrary.com/lib/rucke/Doc?id=10265417 |
No items available.
